Pestovanie liečivých rastlín na malých plochách 4

Bibliographic Details
Main Author: Brabenec, Miroslav, 1924- (Author)
Format: Article
Language:Slovak
PhysicalDescription:Obr. 3
ISSN:0323-2646
Subjects:

MARC

LEADER 00000nab a2200000 a 4500
001 vtls000559774
003 SK-MaSNL
005 20260304095319.0
008 250425c1995 xo 0 slo
015 |a SNBRB19rr/mm-uuuuu 
035 |a CL0559912 
035 |a urn:nbn:sk:snk-abeex 
035 |a (urnnbn)urn:nbn:sk:snk:ar-002e2w 
035 |a (uuid)13f9df25-ec0e-4794-8f41-8d8e37ed01a7 
040 |a SNKBUCL  |b slo  |c SNKBUCL  |e AACR2 
041 0 |a slo 
044 |a xo  |c SK 
080 |a 633.88  |2 1981 
100 1 |a Brabenec, Miroslav,  |d 1924-  |4 aut  |9 50534 
245 1 0 |a Pestovanie liečivých rastlín na malých plochách 4  |c M. Brabenec 
300 |b Obr. 3 
500 |a Pokračovanie 
650 0 7 |a liečivé rastliny  |2 snkbucl  |9 3510 
655 7 |a články z novín a časopisov  |2 snkbucl  |9 267496 
773 0 |t Naše liečivé rastliny  |g Roč. 32, č. 4 (1995), s. 127-133  |x 0323-2646 
850 |a Slovenská národná knižnica 
852 |a Slovenská národná knižnica 
954 |a odborná, vedecká literatúra pôvodná (slovenská)  |2 lita 
958 |a article27 
958 |a RK 
958 |a OND 
958 |a EUIPO 
992 |a RBX 
999 |c 2831997  |d 2833927